[Event "BRA-ch Amateur U1800"]
[Site "Sao Paulo"]
[Date "2017.10.12"]
[Round "1"]
[White "Alves da Silva, Jadson Paulino"]
[Black "Rial, Antonio Marcos Pino"]
[Result "1/2-1/2"]
[WhiteElo "1768"]
[BlackElo "1656"]
[PlyCount "84"]
[EventDate "2017.10.12"]
[EventType "swiss"]
[EventRounds "7"]
[EventCountry "BRA"]
[SourceTitle "EXT 2019"]
[Source "ChessBase"]
[SourceDate "2018.10.10"]
[SourceVersion "1"]
[SourceVersionDate "2018.10.10"]
[SourceQuality "1"]

1. e4 Nc6 2. Nf3 f5 3. e5 d6 4. Bb5 dxe5 5. Nxe5 Qd5 6. Bxc6+ bxc6 7. Nf3 Qe4+ 8. Qe2 Qxe2+ 9. Kxe2 Nf6 10. Re1 Ba6+ 11. d3 h6 12. Nd4 g6 13. Nxc6 Bb7 14. Ne5 Rg8 15. f3 Nd5 16. Nc3 g5 17. Nxd5 Bxd5 18. c4 Bb7 19. b3 Bg7 20. Bb2 0-0-0 21. d4 g4 22. fxg4 fxg4 23. Nxg4 Bxd4 24. Bxd4 Rxg4 25. Be5 Rxg2+ 26. Ke3 Rdd2 27. a3 Rdf2 28. Kd4 Rg4+ 29. Kc5 Rf5 30. Re3 Rg2 31. Kd4 Rgg5 32. Rae1 Kd7 33. Bg3 Rf7 34. Kc3 Rgf5 35. Re5 Rxe5 36. Rxe5 Rf6 37. Bh4 Re6 38. Rxe6 Kxe6 39. Kd4 Kd6 40. Bg3+ Kd7 41. Ke5 Bf3 42. Bf2 a6 1/2-1/2

[Event "Guanabara CC op 2nd"]
[Site "Rio de Janeiro"]
[Date "2017.05.27"]
[Round "4"]
[White "Alves da Silva, Jadson Paulino"]
[Black "Rodi, Luis Ernesto"]
[Result "0-1"]
[WhiteElo "1780"]
[BlackElo "2297"]
[PlyCount "82"]
[EventDate "2017.05.20"]
[EventType "swiss"]
[EventRounds "6"]
[EventCountry "BRA"]
[SourceTitle "EXT 2018"]
[Source "ChessBase"]
[SourceDate "2017.10.13"]
[SourceVersion "1"]
[SourceVersionDate "2017.10.13"]
[SourceQuality "1"]

1. e4 e5 2. Nf3 Nc6 3. Bb5 a6 4. Ba4 Nf6 5. 0-0 b5 6. Bb3 Bb7 7. d3 Bc5 8. a4 d6 9. c3 0-0 10. h3 Rb8 11. axb5 axb5 12. Re1 Ne7 13. Nbd2 Ng6 14. Nf1 Bb6 15. Be3 c5 16. Ng3 d5 17. Bc2 Re8 18. Qe2 Nf4 19. Qd2 Ng6 20. Red1 Qc7 21. Qe1 Nf4 22. Nd2 Ne6 23. f3 Rbd8 24. Ndf1 d4 25. Bf2 Nf4 26. Ne2 Nxe2+ 27. Qxe2 Nh5 28. Kh1 Rd6 29. cxd4 cxd4 30. Bg3 Rg6 31. Bh2 Qe7 32. Nd2 Qg5 33. Qf2 Nf4 34. Bxf4 Qxf4 35. Rg1 Rc8 36. Nf1 Rgc6 37. Bb3 Rc1 38. Rxc1 Rxc1 39. Qd2 Rxf1 40. Qxf4 Rxg1+ 41. Kxg1 exf4 0-1

[Event "Rio de Janeiro CXG op 1st"]
[Site "Rio de Janeiro"]
[Date "2017.04.01"]
[Round "6"]
[White "Da Silva, Claudio Oliveira"]
[Black "Alves da Silva, Jadson Paulino"]
[Result "1-0"]
[WhiteElo "1834"]
[BlackElo "1750"]
[PlyCount "139"]
[EventDate "2017.03.25"]
[EventType "swiss"]
[EventRounds "6"]
[EventCountry "BRA"]
[SourceTitle "CBM 177 Extra"]
[Source "ChessBase"]
[SourceDate "2017.04.27"]
[SourceVersion "1"]
[SourceVersionDate "2017.04.27"]
[SourceQuality "1"]

1. c4 Nf6 2. d4 e6 3. Nc3 d5 4. Nf3 Nbd7 5. e3 Be7 6. Bd3 0-0 7. 0-0 Re8 8. Bd2 a6 9. Qc2 h6 10. Rac1 dxc4 11. Bxc4 b5 12. Bd3 Bb7 13. Ne4 Rc8 14. Ba5 Nb6 15. Ne5 Bxe4 16. Bxe4 Nxe4 17. Qxe4 Qd5 18. Qxd5 Nxd5 19. Rc6 Bd6 20. Nd3 Ra8 21. Rfc1 Ne7 22. R6c2 c6 23. a3 Rec8 24. Bb4 Bxb4 25. Nxb4 Ra7 26. Nxc6 Rxc6 27. Rxc6 Nxc6 28. Rxc6 Kf8 29. Kf1 Ke7 30. Ke2 Kd7 31. Rc5 Kd6 32. Kd3 Rb7 33. Kc2 Kd7 34. Kb3 Rb6 35. Kb4 f6 36. f4 g6 37. Kc3 Rd6 38. g4 Rd5 39. Kd3 Rd6 40. e4 Rb6 41. b4 Rd6 42. Ke3 Rb6 43. h4 Rd6 44. d5 Rb6 45. Kd4 exd5 46. Rxd5+ Ke7 47. e5 g5 48. hxg5 hxg5 49. f5 fxe5+ 50. Rxe5+ Kf7 51. Kd5 Rb8 52. Re6 Ra8 53. Kc6 Rc8+ 54. Kb7 Rc4 55. Kxa6 Rxg4 56. Kxb5 Rf4 57. Re5 g4 58. Kc6 g3 59. Re1 Rxf5 60. Rg1 Rf3 61. a4 Rf6+ 62. Kc5 Rf5+ 63. Kb6 Rf6+ 64. Ka5 Rg6 65. b5 Rg5 66. Ka6 Ke7 67. b6 Rg4 68. a5 Kd8 69. Ka7 Ra4 70. a6 1-0

[Event "Rio de Janeiro CXG op 1st"]
[Site "Rio de Janeiro"]
[Date "2017.03.25"]
[Round "1"]
[White "Baeta, Marcio Netto"]
[Black "Alves da Silva, Jadson Paulino"]
[Result "1/2-1/2"]
[WhiteElo "2014"]
[BlackElo "1750"]
[PlyCount "114"]
[EventDate "2017.03.25"]
[EventType "swiss"]
[EventRounds "6"]
[EventCountry "BRA"]
[SourceTitle "CBM 177 Extra"]
[Source "ChessBase"]
[SourceDate "2017.04.27"]
[SourceVersion "1"]
[SourceVersionDate "2017.04.27"]
[SourceQuality "1"]

1. e4 c5 2. Nc3 Nc6 3. f4 d6 4. g3 g6 5. Bg2 Bg7 6. d3 Nf6 7. Nf3 0-0 8. Be3 a6 9. Qd2 Qc7 10. a4 Rb8 11. h3 Rd8 12. d4 d5 13. Nxd5 Nxd5 14. exd5 cxd4 15. Nxd4 Nxd4 16. Bxd4 e5 17. Qc3 Qxc3+ 18. Bxc3 exf4 19. Bxg7 Kxg7 20. gxf4 Re8+ 21. Kd2 a5 22. Rhe1 Bd7 23. Rxe8 Rxe8 24. b3 b6 25. Re1 Rxe1 26. Kxe1 Kf6 27. h4 Bf5 28. Kd2 Ke7 29. c3 Bd7 30. Ke3 Kd6 31. Kd4 f6 32. Be4 Be8 33. Bc2 Bf7 34. Be4 Be8 35. Bf3 h6 36. Bg4 Bf7 37. Bf3 g5 38. fxg5 fxg5 39. hxg5 hxg5 40. b4 axb4 41. cxb4 Be8 42. a5 bxa5 43. bxa5 Bb5 44. Bg4 Ba6 45. Be6 Bb7 46. Kc4 Ba6+ 47. Kb4 g4 48. Bxg4 Kxd5 49. Bf3+ Kd6 50. Bg2 Kc7 51. Kc5 Bb7 52. Bf1 Kb8 53. Kb6 Bh1 54. a6 Bf3 55. Bh3 Bh1 56. Bd7 Bf3 57. a7+ Ka8 1/2-1/2

[Event "BRA-ch Amateur"]
[Site "Sao Paulo"]
[Date "2015.04.03"]
[Round "6"]
[White "Alves da Silva, Jadson Paulino"]
[Black "Ferreira, Rafael Cassoni Buel"]
[Result "1-0"]
[WhiteElo "1742"]
[BlackElo "1569"]
[PlyCount "63"]
[EventDate "2015.04.30"]
[EventType "swiss"]
[EventRounds "7"]
[EventCountry "BRA"]
[SourceTitle "EXT 2022"]
[Source "ChessBase"]
[SourceDate "2021.10.06"]
[SourceVersion "1"]
[SourceVersionDate "2021.10.06"]
[SourceQuality "1"]

1. e4 d6 2. d4 Nf6 3. Nc3 g6 4. f4 Bg7 5. Nf3 0-0 6. Be3 Bg4 7. Be2 b6 8. h3 Bd7 9. Qd2 c5 10. e5 cxd4 11. Nxd4 dxe5 12. fxe5 e6 13. exf6 Qxf6 14. 0-0-0 e5 15. Rhf1 Qe7 16. Ndb5 Nc6 17. Qxd7 Qxd7 18. Rxd7 a6 19. Nd6 e4 20. Ndxe4 Rfd8 21. Bxb6 Rab8 22. Rfxf7 Bxc3 23. Nxc3 Rxb6 24. Rg7+ Kh8 25. Rxh7+ Kg8 26. Rdg7+ Kf8 27. Bc4 Ne7 28. Rf7+ Kg8 29. Rxe7+ Kf8 30. Ref7+ Kg8 31. Rfg7+ Kf8 32. Rg8# 1-0